Представление документа в формате MARC21

Поле Инд. ПП Название Значение
Тип записи a
Библиографический уровень b
001 Контрольный номер RU/IS/BASE/483105595
005 Дата корректировки 20200522191728.5
008 Кодируемые данные 20150423
040 b Код языка каталог. rus
e Правила каталог. PSBO
041 0_ a Код языка текста rus
084 a Индекс другой классификации/Индекс ББК 65.29-32
100 1_ a Автор Моисеева Н.
100 1_ a Автор Гончарова Т.
245 10 a Заглавие Стратегические альянсы в современном бизнесе
504 a Библиография Библиогр.
520 a Аннотация Рассматриваются существующие формы взаимодействия партнеров в сфере распространения инновациями, возможности и ограничения использования открытых инноваций, условия формирования и преимущества маркетинговых стратегических альянсов, механизм поддерживания гибких партнерских отношений в условиях маркетинговых стратегических альянсов.
650 14 a Основная рубрика бизнес
a Основная рубрика маркетинг
a Основная рубрика экономика
653 1_ a Ключевые слова бизнес-лидерство
a Ключевые слова дистрибуция
a Ключевые слова инновации
a Ключевые слова конкурентная среда
a Ключевые слова логистическое управление (логистический менеджмент)
a Ключевые слова маркетинговое планирование
a Ключевые слова маркетинговые кампании
a Ключевые слова маркетинговые стратегии
a Ключевые слова открытость бизнеса
a Ключевые слова открытые инновации
a Ключевые слова Россия
a Ключевые слова стратегические альянсы
a Ключевые слова стратегический анализ
a Ключевые слова стратегический маркетинг
a Ключевые слова стратегия предприятия
a Ключевые слова эффективность бизнеса
773 08 t Заглавие источника РИСК: ресурсы, информация, снабжение, конкуренция
d Дата издания источника 2013
g Прочая информация № 3. - С. 63 - 67 : табл., схем.
w Контрольный № источника RU/IS/BASE/439917319
901 t Тип документа b